000 00705nam a22002657a 4500
001 BR6005110
003 BR-BrBNA
005 20230928083219.0
007 ta
008 230509b bl.||||| |||| 00| 0 por d
040 _aBR-BrBNA
_bpor
_cBiblioteca Nacional de Agricultura
041 _a(Por)
072 _aF00
_b1060
090 _ 1060 BR6005110
100 1 _aFernandes, P.
245 1 _aA escolha da localidade, a sementeira, o viveiro
_bA cultura da laranjeira no. 3
260 3 _aSao Paulo, SP (Brasil):
_c1929.
300 _a36 p.
650 _aLARANJA
650 _aSEMENTEIRA
650 _aVIVEIRO
650 _aPRATICA CULTURAL
909 _a202309
_bLucia
_c55
_dLucia Elande
942 _cBK
999 _c12190
_d12190